00558nam a22001457a 4500003000400000005001700004008004100021040001400062100002300076245015100099260000900250300002700259500009900286504002700385OSt20171010095459.0120720t xxu||||| |||| 00| 0 eng d aMMSUcULS aPablo, Analiza P.  aPhytochemical screening, antibacterial effect and wound healing potential of jackfruit (Artocarpus heterophyllus) leaf extract cAnaliza P. Pablo  c2008 axv, 50 leaves c28 cm. aThesis (BS Biology) -- Mariano Marcos State University-College of Arts & Sciences, Batac City  aBibliography: leaf 35